The Last Country Alphabetically That Begins With Each Letter - Statistics

General Stats
  • This quiz has been taken 69 times
  • The average score is 18 of 24
Answer Stats
Beginning letter Answer % Correct
Q Qatar
93%
Z Zimbabwe
93%
O Oman
92%
Y Yemen
90%
A Azerbaijan
83%
J Jordan
78%
K Kyrgyzstan
78%
F France
77%
R Rwanda
77%
U Uzbekistan
77%
H Hungary
75%
I Italy
75%
E Ethiopia
72%
T Tuvalu
72%
V Vietnam
72%
B Burundi
68%
G Guyana
68%
S Syria
68%
M Myanmar
65%
D Dominican Republic
60%
N Norway
58%
P Portugal
58%
C Czechia
57%
L Luxembourg
57%
No matching quizzes found
Score Distribution
Percent of People with Each Score
Percentile by Number Answered
Your Score History
You have not taken this quiz